Iraq

Bibliographic Details
Main Author: Balcavage, Dynise
Other Authors: Afdillah Aman, Jamilah Mohd Hassan, Jezamin Abdul Razak
Format: Book
Published: Singapore : Times Books International , 2003
Series:Negara serata dunia
Subjects:

MARC

LEADER 00000cam a2200000 7i4500
001 0000015865
005 20080415.0
008 080415
020 |a 9812324607 
090 0 0 |a 956.7   |b BAL 
100 1 |a Balcavage, Dynise 
245 1 0 |a Iraq   |c ditulis oleh Dynise Balcavage ; editor, Jamilah Mohd Hassan, Afdillah Aman ; penterjemah, Jezamin Abdul Razak 
260 |a Singapore :   |b Times Books International ,   |c 2003 
440 |a Negara serata dunia 
650 0 |a Iraq   |x Juvenile literature 
700 0 |a Afdillah Aman 
700 0 |a Jamilah Mohd Hassan 
700 0 |a Jezamin Abdul Razak 
999 |a 0000884389   |b Book   |c Adult Collection   |e Cawangan Mersing 
999 |a 0000884390   |b Book   |c Adult Collection   |e Cawangan Muar 
999 |a 0001018701   |b Book   |c Adult Collection   |e Perbadanan Perpustakaan Awam Johor